Financial institutions and markets (Record no. 136)

MARC details
000 -LEADER
fixed length control field 00559 a2200217 4500
001 - CONTROL NUMBER
control field 065814
003 - CONTROL NUMBER IDENTIFIER
control field OSt
005 - DATE AND TIME OF LATEST TRANSACTION
control field 20251205164740.0
008 - FIXED-LENGTH DATA ELEMENTS--GENERAL INFORMATION
fixed length control field
082 ## - DEWEY DECIMAL CLASSIFICATION NUMBER
Classification number 332.1
Item number B46F
100 1# - MAIN ENTRY--PERSONAL NAME
Personal name Bhole, L.M.
245 1# - TITLE STATEMENT
Title Financial institutions and markets
Statement of responsibility, etc By L.m. Bhole And Jitendra Mahakud
250 ## - EDITION STATEMENT
Edition statement 5th ed.
260 ## - PUBLICATION, DISTRIBUTION, ETC. (IMPRINT)
Place of publication, distribution, etc New Delhi
Name of publisher, distributor, etc McGraw Hill
Date of publication, distribution, etc 2009
300 ## - PHYSICAL DESCRIPTION
Extent 999p.
500 ## - GENERAL NOTE
General note English
630 ## - SUBJECT ADDED ENTRY--UNIFORM TITLE
Uniform title Statistics
690 ## - LOCAL SUBJECT ADDED ENTRY--TOPICAL TERM (OCLC, RLIN)
Topical term or geographic name as entry element Financial institutions; Finance
700 ## - ADDED ENTRY--PERSONAL NAME
Personal name Mahakud, Jitendra
942 ## - ADDED ENTRY ELEMENTS (KOHA)
Source of classification or shelving scheme Dewey Decimal Classification
Koha item type Books
Holdings
Withdrawn status Lost status Source of classification or shelving scheme Damaged status Not for loan Collection code Home library Current library Department Date acquired Source of acquisition Coded location qualifier Cost, normal purchase price Inventory number(Invoice/Date) Total Checkouts Full call number Barcode Date last seen Date checked out Price effective from Koha item type
    Dewey Decimal Classification     General Text Book Central University Of Rajasthan Central University Of Rajasthan Statistics 07/03/2012 STT Parnay Boo 385.00 171/11.12.2009 1 332.1 B46F 103 21/11/2024 30/11/2023 02/09/2020 Books
    Dewey Decimal Classification     General Text Book Central University Of Rajasthan Central University Of Rajasthan Statistics 07/03/2012 STT Parnay Boo 385.00 171/11.12.2009   332.1 B46F 100 21/11/2024   02/09/2020 Books
    Dewey Decimal Classification     General Text Book Central University Of Rajasthan Central University Of Rajasthan Statistics 07/03/2012 STT Parnay Boo 385.00 171/11.12.2009   332.1 B46F 101 21/11/2024   02/09/2020 Books
    Dewey Decimal Classification     General Text Book Central University Of Rajasthan Central University Of Rajasthan Statistics 07/03/2012 STT Parnay Boo 385.00 171/11.12.2009   332.1 B46F 102 21/11/2024   02/09/2020 Books